Computer systems: A Programmer's perspective / (Record no. 330713)
[ view plain ]
| 000 -LEADER | |
|---|---|
| fixed length control field | 00760 a2200181 4500 |
| 005 - DATE AND TIME OF LATEST TRANSACTION | |
| control field | 20170731142051.0 |
| 008 - FIXED-LENGTH DATA ELEMENTS--GENERAL INFORMATION | |
| fixed length control field | 170731b xxu||||| |||| 00| 0 eng d |
| 020 ## - INTERNATIONAL STANDARD BOOK NUMBER | |
| International Standard Book Number | 9789332573901 |
| 040 ## - CATALOGING SOURCE | |
| Original cataloging agency | DLC |
| Language of cataloging | DLC |
| Transcribing agency | 0 |
| 082 ## - DEWEY DECIMAL CLASSIFICATION NUMBER | |
| Classification number | 005.3,BRY |
| 100 ## - MAIN ENTRY--PERSONAL NAME | |
| Personal name | Bryant, Randal E. |
| 9 (RLIN) | 3690 |
| 245 ## - TITLE STATEMENT | |
| Title | Computer systems: A Programmer's perspective / |
| Statement of responsibility, etc. | Randal Bryant and David R. O Hallaron |
| 250 ## - EDITION STATEMENT | |
| Edition statement | 3rd Ed. |
| 260 ## - PUBLICATION, DISTRIBUTION, ETC. | |
| Place of publication, distribution, etc. | India: |
| Name of publisher, distributor, etc. | Pearson Education, |
| Date of publication, distribution, etc. | 2016 |
| 300 ## - PHYSICAL DESCRIPTION | |
| Extent | 1120 p. : |
| Other physical details | ill. ; |
| Dimensions | 24 cm. |
| 505 ## - FORMATTED CONTENTS NOTE | |
| Formatted contents note | A tour of computer systems(Page-37), Representing and manipulating information (Page-67), Machine-Level representation of programs(Page-199), Processor architecture(Page-387), Optimizing program performance(page-531), The memory hierarchy(Page-615), Linking(page-705), Exceptional control flow, (Page-757), Virtual memory(Page-837), System-Level I/O (Page-925), Network programming,(Page-953), Concurrent programming(page-1007). |
| 650 ## - SUBJECT ADDED ENTRY--TOPICAL TERM | |
| Topical term or geographic name entry element | 1.Computers.2.Telecommunication. 3.User interfaces (Computer systems) |
| 9 (RLIN) | 3691 |
| 700 ## - ADDED ENTRY--PERSONAL NAME | |
| Personal name | O’Hallaron, David R. |
| 9 (RLIN) | 3692 |
| 942 ## - ADDED ENTRY ELEMENTS (KOHA) | |
| Koha item type | Book |
| Call number prefix | 005.3,BRY |
| Source of classification or shelving scheme | |
| Withdrawn status | Lost status | Source of classification or shelving scheme | Damaged status | Not for loan | Permanent Location | Current Location | Shelving location | Date acquired | Total Checkouts | Full call number | Barcode | Date last seen | Price effective from | Koha item type | Public note |
|---|---|---|---|---|---|---|---|---|---|---|---|---|---|---|---|
| Military College of Signals (MCS) | Military College of Signals (MCS) | General Stacks | 07/31/2017 | 005.3,BRY | 37766 | 07/31/2017 | 07/31/2017 | Book | Almirah No.44, Shelf No.1 |
